Vainqueurs de Coupes du Monde dans le sport - Statistiques

Statistiques générales
  • Ce quiz a été pris 1 092 fois
  • Le résultat moyen est 18 sur 23
Statistiques - réponses
Réponse % Correct
France
100%
Brésil
98%
Allemagne
97%
Allemagne de l'Ouest
97%
Argentine
97%
Espagne
97%
Italie
97%
Angleterre
95%
États-Unis
95%
Uruguay
93%
Nouvelle-Zélande
88%
Australie
86%
Afrique du Sud
83%
Suède
81%
Danemark
79%
Russie
78%
Pologne
65%
U.R.S.S.
58%
Yougoslavie
51%
Croatie
50%
Roumanie
35%
Tchécoslovaquie
35%
Allemagne de l'Est
27%
Aucun quiz correspondant
Distribution des résultats
% des personnes avec chaque résultat
Percentile par nombre de réponses
Votre historique - résultats
Vous n’avez pas pris ce quiz